Způsobilost nereplikovatelných procesů kontroly /

Saved in:
Bibliographic Details
Main Author: Němeček, P. (Author)
Format: Book
Language:Czech
Published: Praha Česká společnost pro jakost 2019
Edition:2. vyd.
Subjects:
Tags: Add Tag
No Tags, Be the first to tag this record!

MARC

LEADER 00000nam a22000003a 4500
001 0095287
003 SK-STU
005 20220517130159.6
007 ta
008 220517s ----xo-----e------000-0-----d
020 |a 978-80-02-02843-7 
040 |a STU  |b slo 
041 0 |a cze 
044 |a xr 
100 1 |a Němeček, P.  |4 aut 
245 1 0 |a Způsobilost nereplikovatelných procesů kontroly /  |c aut. P Němeček 
250 |a 2. vyd. 
260 |a Praha  |b Česká společnost pro jakost  |c 2019 
300 |a 59 s. 
650 0 7 |a kvalita 
650 0 7 |a kontrola 
996 |b 284M089051  |c M* 14 627-1  |l MMKN  |s A  |a 24  |w 0095287_0001